000
00309 a2200157 4500
001
174259
020
_a
040
_c
Magnum
100
_a
Noronha, Teresa
240
1
0
_a
A relva azul
_l
por
245
1
0
_a
A relva azul
362
0
_a
1899
440
1
_a
Ática
697
_a
I/FADAS, FANTASIA
942
_c
BK
999
_c
174259
_d
174259